[Event "CRO-Cup"]
[Site "Pula"]
[Date "1990.??.??"]
[Round "?"]
[White "Ivanovic, Bozidar"]
[Black "Todorcevic, Miodrag"]
[Result "0-1"]
[WhiteElo "2520"]
[BlackElo "2550"]

1.e4 g6 2.d4 Bg7 3.Nc3 d6 4.f4 c6 5.a4 Nd7 6.Nf3 Ngf6 7.Bd3 O-O 8.O-O e5
9.Kh1 exd4 10.Nxd4 Nc5 11.f5 a5 12.Be3 Re8 13.Qf3 Nxd3 14.cxd3 Qe7 15.Rae1 Nd7
16.Qf2 Qf8 17.Qd2 Qe7 18.Re2 Ne5 19.h3 f6 20.Ref2 Bd7 21.fxg6 hxg6 22.Bh6 Rf8
23.Bxg7 Qxg7 24.Nde2 Rae8 25.b3 Be6 26.d4 Nd7 27.d5 cxd5 28.Nxd5 Bxd5 29.Qxd5+ Rf7
30.Nd4 Re5 31.Qxd6 Qf8 32.Nb5 Rxe4 33.Qg3 Ne5 34.Rd2 Rb4 35.Rfd1 Qc5 36.Nd6 Rd7
37.Nc4 Rxd2 38.Rxd2 Kg7 39.Ne3 Re4 40.Nc2 g5 41.Kh2 Kg6 42.Ne1 Re3 43.Qf2 g4
44.g3 gxh3 45.Kxh3 Ng4 46.Qg1 Qf5 47.Nc2 Nf2+ 48.Kg2 Qf3+ 49.Kh2 Ng4+ 50.Kh3 Re8  0-1

[Event "CRO-Cup"]
[Site "Pula"]
[Date "1990.??.??"]
[Round "?"]
[White "Doljanin, Tomislav"]
[Black "Nikolic, Sava N"]
[Result "1-0"]
[WhiteElo "2340"]
[BlackElo "2335"]

1.d4 g6 2.e4 Bg7 3.Nc3 d6 4.Be3 Nc6 5.Qd2 e5 6.Nf3 Bg4 7.d5 Nce7 8.Be2 h6
9.O-O f5 10.Ne1 Bxe2 11.Qxe2 f4 12.Bd2 c6 13.Kh1 Nf6 14.Rd1 O-O 15.dxc6 bxc6
16.Bc1 Qd7 17.b3 Qe6 18.Ba3 Rfd8 19.Nd3 g5 20.Rd2 Ng6 21.Rfd1 Bf8 22.Nc5 Qf7
23.f3 d5 24.Qa6 d4 25.N3a4 Rab8 26.c3 g4 27.Qe2 Nh5 28.fxg4 Nf6 29.cxd4 exd4
30.e5 Nd5 31.Rxd4 Nxe5 32.Qxe5 Bg7 33.Rxd5 Qxd5 34.Qxd5+ Rxd5 35.Rxd5 cxd5
36.Kg1 Re8 37.Kf2 Re3 38.Bc1 Re7 39.Bxf4 Bd4+ 40.Kf3 Re1 41.Nd3 Ra1 42.Nc1 Kh7
43.Ke2 Be5 44.Bd2 Bxh2 45.Kd3 Be5 46.Kc2 Kg6 47.b4 h5 48.gxh5+ Kxh5 49.Nc5 Kg4
50.N5b3 Rxc1+ 51.Bxc1 Kg3 52.Kd3 Kxg2 53.b5  1-0

[Event "Pula op"]
[Site "Pula"]
[Date "1990.??.??"]
[Round "4"]
[White "Aleksandrov, Aleksej"]
[Black "Todorovic, Milorad"]
[Result "1-0"]
[WhiteElo "2340"]
[BlackElo "2275"]

1.d4 g6 2.e4 d6 3.Nc3 Bg7 4.Be3 Nd7 5.Nf3 c5 6.dxc5 dxc5 7.Bc4 Qa5 8.Bd2 Nh6
9.h3 f6 10.e5 Nxe5 11.Nxe5 fxe5 12.Bb5+ Kf8 13.Qf3+ Nf7 14.Bc4 e6 15.O-O-O Kg8
16.Ne4 Qc7 17.Nf6+ Kf8 18.Be3 Ke7 19.Ne4 Bd7 20.Bxc5+ Ke8 21.Rxd7 Qxd7 22.Nf6+ Bxf6
23.Qxf6  1-0

[Event "Pula op"]
[Site "Pula"]
[Date "1990.??.??"]
[Round "6"]
[White "Lekic, Dusan"]
[Black "Rajic, Dobrivoje"]
[Result "1-0"]
[WhiteElo "2305"]
[BlackElo "2250"]

1.e4 g6 2.d4 d6 3.Nc3 Bg7 4.f4 Nf6 5.Nf3 c5 6.Bb5+ Bd7 7.e5 Ng4 8.e6 Bxb5
9.exf7+ Kf8 10.Nxb5 Qa5+ 11.Nc3 Nc6 12.d5 Nd4 13.Bd2 Nh6 14.O-O Nhf5 15.Ng5 Qa6
16.Ne6+ Nxe6 17.dxe6 Nd4 18.Qg4 Qc4 19.Rae1 Nxc2 20.Qf3 Qd4+ 21.Be3 Nxe3
22.Nb5 Qxb2 23.Qxb7 Bd4 24.Qxa8+ Kg7 25.Qxh8+  1-0

[Event "Pula tt2"]
[Site "Pula"]
[Date "1990.??.??"]
[Round "11"]
[White "Dekic, Josip"]
[Black "Doljanin, Tomislav"]
[Result "1-0"]
[WhiteElo "2275"]
[BlackElo "2240"]

1.e4 g6 2.d4 Bg7 3.Nc3 d6 4.Nf3 Nf6 5.h3 O-O 6.Be3 c6 7.a4 Na6 8.Be2 Nb4
9.O-O d5 10.e5 Ne8 11.Ne1 f6 12.f4 fxe5 13.fxe5 Rxf1+ 14.Bxf1 Nc7 15.Ne2 a5
16.c3 Nba6 17.Qd2 Ne6 18.Nf3 Nac7 19.Ng3 b6 20.Bd3 Bd7 21.Rf1 c5 22.Bc2 c4
23.h4 Qe8 24.h5 Bxa4 25.Bb1 Nd8 26.hxg6 Nce6 27.gxh7+ Kh8 28.Nh4 Bd7 29.Bg6  1-0

[Event "Reykjavik op"]
[Site "Reykjavik"]
[Date "1990.??.??"]
[Round "3"]
[White "Petursson, Margeir"]
[Black "Thorsteins, Karl"]
[Result "0-1"]
[WhiteElo "2555"]
[BlackElo "2455"]

1.d4 g6 2.e4 d6 3.Nc3 Bg7 4.f4 Nf6 5.Nf3 c5 6.Bb5+ Bd7 7.e5 Ng4 8.e6 fxe6
9.Ng5 Bxb5 10.Nxb5 Qa5+ 11.c3 Qxb5 12.Nxe6 Na6 13.Nxg7+ Kf7 14.Ne6 Kxe6 15.Qxg4+ Kf7
16.f5 cxd4 17.fxg6+ hxg6 18.Rf1+ Ke8 19.Qxd4 Rxh2 20.Qf2 Qd5 21.Be3 Rxg2
22.Qf8+ Kd7 23.Qxa8 Qe4 24.Qxa7 Nc5 25.Qxc5 dxc5 26.O-O-O+ Kc6 27.Bd2 Qe6
28.b3 g5 29.Rfe1 Re2 30.Rxe2 Qxe2 31.Re1 Qf3 32.Rxe7 g4 33.Re1 Qf2 34.Kd1 g3
35.Re2 Qf1+ 36.Re1 g2 37.Be3 Qd3+  0-1

[Event "Reykjavik op"]
[Site "Reykjavik"]
[Date "1990.??.??"]
[Round "7"]
[White "Einarsson, Halldor"]
[Black "Mortensen, Erling"]
[Result "0-1"]
[WhiteElo "2280"]
[BlackElo "2480"]

1.e4 g6 2.d4 Bg7 3.Nc3 d6 4.f4 Nc6 5.Be3 Nf6 6.Nf3 O-O 7.Qd2 e6 8.O-O-O b6
9.h3 Ne7 10.Qf2 Bb7 11.Bd3 c5 12.dxc5 bxc5 13.f5 exf5 14.exf5 Rb8 15.fxg6 hxg6
16.Ng5 Qb6 17.Rhf1 Bxg2 18.b3 Qb4 19.Nb1 Bxf1 20.Rxf1 Ned5 21.a3 Qb7 22.Qh4 Rfe8
23.Bd2 Ne3 24.Bxe3 Rxe3 25.Bc4 d5 26.Qf4 Rbe8 27.Bd3 c4 28.bxc4 Re1+  0-1

[Event "Reykjavik op"]
[Site "Reykjavik"]
[Date "1990.??.??"]
[Round "11"]
[White "Winsnes, Rikard"]
[Black "Gausel, Einar"]
[Result "0-1"]
[WhiteElo "2385"]
[BlackElo "2440"]

1.e4 g6 2.d4 Bg7 3.Nc3 d6 4.Be3 a6 5.Qd2 b5 6.O-O-O Nd7 7.Kb1 Bb7 8.f3 b4
9.Nce2 a5 10.Nc1 Rc8 11.h4 h6 12.Nh3 e6 13.Nf2 Ne7 14.h5 g5 15.g3 d5 16.Bd3 c5
17.dxc5 Nxc5 18.Bb5+ Kf8 19.f4 Qb6 20.Be2 Bc3 21.Bxc5 Rxc5 22.Qe3 d4 23.Qf3 a4
24.Nfd3 Rb5 25.Ne5 Rxe5 26.fxe5 Nf5 27.Qd3 Ne3 28.bxc3 bxc3+ 29.Qb5 Qxb5+
30.Bxb5 Bxe4 31.Bd3 Bxh1 32.Rxh1 Ke7 33.Ne2 Rd8 34.Ka1 Ng4 35.Rb1 Nxe5 36.Rb4 Nxd3
37.cxd3 e5 38.Rxa4 Rb8 39.Ra7+ Ke6 40.a3 Rb2 41.Nc1 Rb6 42.Ne2 f5 43.Rg7 Rb2
44.Nc1 e4 45.Rg6+ Kd5 46.Rxh6 Rd2 47.dxe4+ fxe4 48.Rh8 Rd1 49.h6 Rxc1+ 50.Ka2 Rh1
51.Kb3 e3 52.h7 e2 53.Rd8+ Kc6 54.Re8 Rxh7 55.Rxe2 Kd5 56.Re8 Rb7+ 57.Kc2 Rb2+
58.Kc1 d3 59.Rd8+ Ke4  0-1

[Event "Reykjavik op"]
[Site "Reykjavik"]
[Date "1990.??.??"]
[Round "11"]
[White "Bergsson, Snorri"]
[Black "Hoi, Carsten"]
[Result "1/2-1/2"]
[WhiteElo "2230"]
[BlackElo "2445"]

1.e4 d6 2.d4 g6 3.Nc3 Bg7 4.f4 c6 5.Nf3 d5 6.e5 h5 7.Bd3 Bg4 8.h3 Bxf3 9.Qxf3 e6
10.Be3 h4 11.O-O-O Nd7 12.g4 hxg3 13.Qxg3 Qh4 14.Rdg1 Ne7 15.Qf3 O-O-O 16.Na4 Qh5
17.Qf1 Nf5 18.Bxf5 exf5 19.Bd2 Qh4 20.Qf3 Qe7 21.Qb3 Qe6 22.Qb4 b5 23.Nc5 Nxc5
24.Qxc5 Kb7 25.Qa3 Bf8 26.Bb4 Bxb4 27.Qxb4 Rde8 28.Rg3 Qe7 29.Qd2 Qc7 30.Re1 Ka8
31.Ree3 Qb6 32.Rc3 Kb7 33.Rb3 a6 34.a4 Ka7 35.Qb4 Kb7 36.axb5 axb5 37.Ra3 Ra8
38.Kb1 Qc7 39.e6 fxe6 40.Rxg6 Rxa3 41.Qxa3 Qf7 42.Rg3 Rg8 43.Rxg8 Qxg8 44.Qe7+ Kb6
45.Qg5 Qh8 46.h4 Qxd4 47.b3 Qd1+ 48.Kb2 Qd4+ 49.Ka2 Qd2 50.Kb1 Qd1+ 51.Kb2  1/2-1/2

[Event "Rimavska Sobota"]
[Site "Rimavska Sobota"]
[Date "1990.??.??"]
[Round "5"]
[White "Dobrovolsky, Ladislav"]
[Black "Bandza, Algirdas"]
[Result "1-0"]
[WhiteElo "2405"]
[BlackElo "2380"]

1.e4 g6 2.d4 Bg7 3.Nc3 d6 4.Nf3 Nf6 5.Bc4 O-O 6.Bb3 Nc6 7.Be3 Na5 8.O-O Nxb3
9.axb3 Ng4 10.Bc1 f5 11.e5 dxe5 12.dxe5 Nxe5 13.Nxe5 Qxd1 14.Rxd1 Bxe5 15.Nd5 Kf7
16.Re1 Bd6 17.Bf4 Bxf4 18.Rxe7+ Kg8 19.Nxf4 Rf7 20.Re8+ Rf8 21.Rxf8+ Kxf8
22.Rd1 g5 23.Nd5 c6 24.Nc7 Rb8 25.Rd8+ Ke7 26.Rh8 f4 27.f3 Kd6 28.Ne8+ Ke7
29.Ng7 Kf6 30.Nh5+ Kg6 31.g4 fxg3 32.Nxg3 b6 33.Ne4 Ra8 34.Rg8+ Kh6 35.Nd6 Bb7
36.Nf7+ Kh5 37.Rxg5+ Kh4 38.Rg7 Kh5 39.Ne5 Ba6 40.Kf2 Re8 41.f4 Kh6 42.Rg5  1-0

[Event "Rome op"]
[Site "Rome"]
[Date "1990.??.??"]
[Round "4"]
[White "Bareev, Evgeny"]
[Black "Ivkov, Borislav"]
[Result "0-1"]
[WhiteElo "2590"]
[BlackElo "2480"]

1.d4 g6 2.e4 Bg7 3.Nc3 d6 4.f4 Nf6 5.Nf3 O-O 6.Be3 Na6 7.Bd3 c5 8.d5 Nc7
9.a4 e6 10.dxe6 Bxe6 11.f5 Bxf5 12.exf5 Re8 13.Kd2 d5 14.Bg5 c4 15.fxg6 hxg6
16.Kc1 cxd3 17.Qxd3 Ne6 18.Ra3 Nxg5 19.Nxg5 Ne4 20.Ngxe4 dxe4 21.Nxe4 Qh4
22.Nc3 Re3 23.Qf1 Rc8 24.Kb1 Bxc3 25.Qc1 Re1 26.Rxe1 Bxe1 27.Rh3 Qf2 28.Qh6 Qxc2+
29.Ka2 Qxa4+ 30.Kb1 Qc2+ 31.Ka2 Bc3 32.Qh7+ Kf8 33.Rxc3 Rxc3 34.Qh8+ Ke7
35.Qe5+ Kd7 36.Qd5+ Kc8 37.Qxf7 Qa4+ 38.Kb1 Qd1+ 39.Ka2 Rc6  0-1

[Event "Rome op"]
[Site "Rome"]
[Date "1990.??.??"]
[Round "5"]
[White "Barlov, Dragan"]
[Black "Hennigan, Michael"]
[Result "1-0"]
[WhiteElo "2520"]
[BlackElo "2355"]

1.d4 g6 2.e4 Bg7 3.Nc3 d6 4.Be3 Nf6 5.h3 O-O 6.Nf3 a6 7.a4 b6 8.Bd3 Bb7 9.O-O c5
10.Re1 cxd4 11.Nxd4 Nbd7 12.Qd2 Re8 13.Bh6 Bh8 14.Bc4 e6 15.Rad1 Qc7 16.Ba2 Nc5
17.f3 Rad8 18.Qf2 Qd7 19.Bg5 Rc8 20.Bb3 Nxb3 21.Nxb3 Qc7 22.Bf4 Red8 23.e5 Nd5
24.exd6 Qd7 25.Nxd5 Bxd5 26.Qxb6 Bxb2 27.Nc5 Qc6 28.Qxb2 Qxc5+ 29.Kh2 Qxc2
30.Qd4 Qc3 31.Qxc3 Rxc3 32.Rxd5 exd5 33.d7 Rxd7 34.Re8+ Kg7 35.Be5+ f6 36.Bxc3 d4
37.Bd2 Rc7 38.Rd8 Rc4 39.Rd7+ Kf8 40.a5 Ke8 41.Rd6 Ke7 42.Rxa6 d3 43.Rb6  1-0

[Event "Rome op"]
[Site "Rome"]
[Date "1990.??.??"]
[Round "6"]
[White "Lanka, Zigurds"]
[Black "Todorcevic, Miodrag"]
[Result "1/2-1/2"]
[WhiteElo "2480"]
[BlackElo "2550"]

1.e4 g6 2.d4 Bg7 3.Nc3 d6 4.f4 c6 5.Nf3 Bg4 6.Be3 Qb6 7.Qd2 Bxf3 8.gxf3 Nd7
9.O-O-O Qa5 10.Kb1 b5 11.h4 b4 12.Ne2 Ngf6 13.Ng3 Rb8 14.h5 gxh5 15.f5 c5
16.dxc5 Nxc5 17.Bd4 Rg8 18.Bc4 Qc7 19.Nxh5 Nxh5 20.Rxh5 Nd7 21.Rxh7 Qxc4
22.Rxg7 Rxg7 23.b3 Qb5 24.Bxg7 f6 25.Rh1 Ne5 26.Bxf6 exf6 27.Qxd6 Qb6 28.Rh8+ Kf7  1/2-1/2

[Event "Salamanca"]
[Site "Salamanca"]
[Date "1990.??.??"]
[Round "5"]
[White "Sion Castro, Marcelino"]
[Black "Todorcevic, Miodrag"]
[Result "1-0"]
[WhiteElo "2365"]
[BlackElo "2550"]

1.e4 g6 2.d4 Bg7 3.Nc3 d6 4.Be3 c6 5.Nf3 b5 6.Bd3 Nd7 7.O-O a6 8.a4 b4 9.Ne2 a5
10.c3 bxc3 11.bxc3 Ngf6 12.Qd2 e5 13.dxe5 dxe5 14.Ng3 O-O 15.Rfd1 Qe7 16.Bc4 Nc5
17.Qc2 Bg4 18.Rab1 Bxf3 19.gxf3 Rfc8 20.Qa2 Nfd7 21.Bf1 Ne6 22.Rb7 Rc7 23.Rxc7 Nxc7
24.Qc4 c5 25.Qb3 Nf8 26.Qb7 Nfe6 27.Qc6 Rd8 28.Rb1 h5 29.Bc4 h4 30.Nf1 Rd6
31.Qb7 Qf6 32.Nd2 Kh7 33.Rb6 Rxb6 34.Qxb6 Bh6 35.Bf1 Qd8 36.Nc4 Bf4 37.Qd6 Qg5+
38.Kh1 Qh5 39.Qd1 Ng5 40.Bxf4 exf4 41.Be2 Nge6 42.Nxa5 Qe5 43.Qd2 Ne8 44.Nc4 Qb8
45.Qb2 Qa8 46.a5 h3 47.Qb6 N8c7 48.Qd6 Qe8 49.Nb6 Qh8 50.Qd2 Qe5 51.Nd7 Qg5
52.Bf1 c4 53.e5 Qf5 54.Qd1 Nb5 55.Bxc4 Nxc3 56.Qd3 Qg5 57.Nf6+ Kg7 58.Ng4 Na4
59.Bxe6 Nc5 60.Qf1 Nxe6 61.Qxh3 Nc5 62.Qf1 Qd8 63.a6 Qb6 64.Qh3 Nd7 65.Qf1 Qa5
66.e6 fxe6 67.Qd1 Nc5 68.Qd4+ Kg8 69.Kg2 Nxa6 70.Qf6 Nc5 71.Qe7  1-0

[Event "ARG-ch"]
[Site "San Luis"]
[Date "1990.??.??"]
[Round "2"]
[White "Bronstein, Luis"]
[Black "Iglesias, Alejandro"]
[Result "1-0"]
[WhiteElo "2390"]
[BlackElo "2280"]

1.e4 g6 2.d4 Bg7 3.Nc3 d6 4.Be3 c6 5.a4 Na6 6.Nf3 Bg4 7.Be2 Nc7 8.O-O Nf6
9.h3 Bxf3 10.Bxf3 O-O 11.a5 Nd7 12.Be2 d5 13.exd5 cxd5 14.Qd2 Nf6 15.Ra3 Nfe8
16.Rb3 Nd6 17.Ra1 Rb8 18.Bh6 Bxh6 19.Qxh6 Nf5 20.Qd2 Kg7 21.Nd1 Ne6 22.c3 h5
23.Ne3 Nxe3 24.Qxe3 Qd6 25.Ra4 Nd8 26.Rab4 f6 27.Rb5 e6 28.c4 dxc4 29.Bxc4 Rf7
30.f4 Re7 31.d5 exd5 32.Rxd5 Rxe3 33.Rxd6 Re7 34.a6 Nf7 35.Re6 Rd7 36.axb7 Rbxb7
37.Rxb7 Rxb7 38.Ra6 h4 39.b3 Rc7 40.Kf2 Nd8 41.Kf3 Re7 42.Kg4 Rc7 43.Kxh4 Nc6
44.Kg3 Nd4 45.Kf2 Rb7 46.Ra3 g5 47.fxg5 fxg5 48.Kg3 Kf6 49.Kg4 Rb4 50.Ra6+ Rb6
51.Rxa7 Nxb3 52.Kh5 Nd2 53.Rf7+ Ke5 54.Be2 Ne4 55.Bf3 Nd6 56.Rg7 Kf4 57.Rxg5 Nf5
58.Rg4+ Ke3 59.Kg5 Nd6 60.Rf4 Rb8 61.Rf6 Rb5+ 62.Kg4 Nc4 63.h4 Ne5+ 64.Kg3 Rb8
65.h5 Rh8 66.h6 Rg8+ 67.Kh4 Ng6+ 68.Kg5 Nf4+ 69.Kf5 Rh8 70.g3 Nd3 71.Bc6 Nf2
72.g4 Rb8 73.g5 Rb4 74.Re6+ Kd3 75.h7 Rh4 76.Rh6  1-0

[Event "Wch U20"]
[Site "Santiago"]
[Date "1990.??.??"]
[Round "2"]
[White "Gdanski, Jacek"]
[Black "Hennigan, Michael"]
[Result "0-1"]
[WhiteElo "2430"]
[BlackElo "2355"]

1.e4 g6 2.d4 Bg7 3.Nc3 d6 4.Be3 Nf6 5.f3 c6 6.Qd2 b5 7.Nge2 Nbd7 8.g4 Nb6
9.Ng3 Qc7 10.O-O-O Bb7 11.g5 Nfd7 12.h4 O-O-O 13.h5 Rhg8 14.Qf2 b4 15.Nb1 c5
16.Nd2 Kb8 17.Kb1 Rc8 18.Nb3 Na4 19.Bb5 Ndb6 20.Ne2 Nxb2 21.Kxb2 a6 22.Bd3 c4
23.Rc1 Na4+ 24.Kb1 Qb6 25.hxg6 hxg6 26.d5 Qb5 27.Bxc4 Rxc4 28.Rh7 a5 29.Qh2 Rcc8
30.Bd4 Bxd4 31.Nbxd4 Qc4 32.Rxf7 Nc3+ 33.Nxc3 bxc3 34.Nb3 a4 35.Rxe7 Qb4
36.a3 Qxa3  0-1

[Event "Wch U20"]
[Site "Santiago"]
[Date "1990.??.??"]
[Round "4"]
[White "Varga, Zoltan"]
[Black "Hennigan, Michael"]
[Result "1-0"]
[WhiteElo "2400"]
[BlackElo "2355"]

1.e4 g6 2.d4 Bg7 3.Nc3 d6 4.Bg5 Nf6 5.Qe2 c6 6.O-O-O Qa5 7.e5 O-O 8.Kb1 dxe5
9.dxe5 Ng4 10.Bxe7 Re8 11.Bd6 b5 12.h3 b4 13.Nd5 cxd5 14.hxg4 Ba6 15.Qd2 Bxf1
16.Rxf1 Nc6 17.Nf3 Qb5 18.Rd1 d4 19.Qf4 Nxe5 20.Ng5 h6 21.Bxe5 hxg5 22.Bxg7 Kxg7
23.Rh7+  1-0

[Event "GRE-ch"]
[Site "Serres"]
[Date "1990.??.??"]
[Round "1"]
[White "Moutousis, Konstantinos"]
[Black "Dedes, Nikolaos"]
[Result "0-1"]
[WhiteElo "2390"]
[BlackElo "2295"]

1.e4 g6 2.d4 Bg7 3.Nc3 d6 4.Be3 Nf6 5.h3 c6 6.a4 a5 7.Nf3 Na6 8.Be2 O-O 9.O-O Qc7
10.Qc1 e5 11.dxe5 dxe5 12.Nd2 Be6 13.Nc4 Nd7 14.Rd1 Rfd8 15.Nb1 Nac5 16.Nbd2 b5
17.axb5 cxb5 18.Na3 b4 19.Nac4 Nxe4 20.Nxe4 Bxc4 21.Bxc4 Qxc4 22.Nd2 Qb5
23.c4 Qc6 24.b3 f5 25.f3 Nc5 26.Qc2 e4 27.Rab1 Rd3 28.Nf1 Rc3 29.Qf2 Nxb3
30.fxe4 fxe4 31.Qh4 Bf6 32.Qg4 a4 33.Bf2 a3 34.Rd7 a2 35.Rbd1 Rd3 36.R1xd3 exd3
37.c5 a1=Q 38.Rd6 Qe8 39.Qc4+ Qf7 40.Qxd3 Rf8 41.c6 Be5  0-1

[Event "GRE-ch"]
[Site "Serres"]
[Date "1990.??.??"]
[Round "3"]
[White "Gavrilakis, Nikolaos"]
[Black "Dedes, Nikolaos"]
[Result "1-0"]
[WhiteElo "2390"]
[BlackElo "2295"]

1.e4 g6 2.d4 Bg7 3.Nc3 d6 4.Nf3 Nf6 5.Be2 O-O 6.O-O Bg4 7.h3 Bxf3 8.Bxf3 Nc6
9.Ne2 e5 10.c3 exd4 11.cxd4 Re8 12.Nc3 Nd7 13.Be3 Nb6 14.b3 Qf6 15.Nb5 Re7
16.Qd2 h6 17.Rac1 Rc8 18.e5 dxe5 19.Bxc6 bxc6 20.Nxa7 Ra8 21.Nxc6 Re6 22.dxe5  1-0

[Event "BUL-FRA m"]
[Site "Sofia"]
[Date "1990.??.??"]
[Round "10"]
[White "Dimitrov, Vladimir"]
[Black "Bricard, Emmanuel"]
[Result "0-1"]
[WhiteElo "2455"]
[BlackElo "2375"]

1.e4 g6 2.d4 Bg7 3.Nc3 d6 4.Nf3 c6 5.a4 Nd7 6.Be2 Qc7 7.O-O Ngf6 8.h3 O-O
9.Bg5 b6 10.Qd2 Bb7 11.Rad1 a6 12.Rfe1 Rad8 13.Qf4 e5 14.Qh4 Rde8 15.dxe5 dxe5
16.Bc4 Kh8 17.Re2 Ng8 18.Red2 Bc8 19.Bxa6 Bxa6 20.Rxd7 Qb8 21.Bd8 Bc8 22.Rxf7 Rxf7
23.Ng5 Nh6 24.Nxf7+ Nxf7  0-1

[Event "St Ingbert op"]
[Site "St Ingbert"]
[Date "1990.??.??"]
[Round "6"]
[White "Mestrovic, Zvonimir"]
[Black "Molnar, Bela"]
[Result "1-0"]
[WhiteElo "2440"]
[BlackElo "2215"]

1.Nc3 g6 2.d4 Bg7 3.e4 d6 4.Be2 c6 5.h4 h5 6.Nf3 Bg4 7.Ng5 Bxe2 8.Qxe2 e5
9.dxe5 dxe5 10.Be3 Nd7 11.O-O-O Qe7 12.Qc4 Ngf6 13.f3 O-O 14.g4 Rfc8 15.gxh5 Nxh5
16.Qxf7+ Qxf7 17.Nxf7 Nf8 18.Ng5 Bf6 19.Ne2 Rd8 20.Rdg1 Rd7 21.Ng3 Bxg5 22.Bxg5 Kh7
23.Nxh5 gxh5 24.Bf6  1-0

[Event "Stockholm"]
[Site "Stockholm"]
[Date "1990.??.??"]
[Round "?"]
[White "Shirov, Alexei"]
[Black "Johansson, Jan"]
[Result "1-0"]
[WhiteElo "2580"]
[BlackElo "2460"]

1.d4 g6 2.e4 Bg7 3.Nc3 d6 4.f4 Nc6 5.Be3 Nf6 6.Nf3 O-O 7.e5 dxe5 8.dxe5 Ng4
9.Bg1 f6 10.Bc4+ Kh8 11.h3 Nh6 12.Qe2 fxe5 13.fxe5 e6 14.Bf2 Rxf3 15.Qxf3 Nxe5
16.Qe2 Nf5 17.Rd1 Qe7 18.Bd3 Bd7 19.Be4 Re8 20.O-O b6 21.Nb5 Nd6 22.Nxd6 cxd6
23.Bd4 Rc8 24.Kh1 Kg8 25.c3 Qe8 26.Rf2 Bb5 27.Qe3 Nc4 28.Qg3 Qe7 29.Bxg7 Kxg7
30.b3 Ne5 31.c4 Be8 32.Qe3 Kg8 33.Qd4 Rd8 34.b4 Rd7 35.Rdf1 Bf7 36.c5 bxc5
37.bxc5 a5 38.Qb2 Rc7 39.cxd6 Qxd6 40.Rd2 Qc5 41.Rc2 Nc4 42.Qf6  1-0

[Event "Stockholm"]
[Site "Stockholm"]
[Date "1990.??.??"]
[Round "?"]
[White "Gausel, Einar"]
[Black "Karlsson, Lars"]
[Result "1-0"]
[WhiteElo "2460"]
[BlackElo "2495"]

1.e4 g6 2.d4 Bg7 3.Nc3 d6 4.Nf3 a6 5.a4 b6 6.Be3 e6 7.Qd2 Bb7 8.Bd3 Nd7 9.h3 c5
10.O-O Ngf6 11.Bh6 O-O 12.Rfe1 Qc7 13.Bxg7 Kxg7 14.e5 Ne8 15.exd6 Nxd6 16.Ne4 cxd4
17.Nxd4 e5 18.Nxd6 Qxd6 19.Bxa6 exd4 20.Bxb7 Ra7 21.Be4 Nc5 22.b3 f5 23.Bd3 f4
24.f3 Rff7 25.Rad1 Rf8 26.Bb5 Rd8 27.Re2 Qf6 28.Kh1 d3 29.Bxd3 Rad7 30.Qb4 Nxd3
31.cxd3 Rxd3 32.Rxd3 Rxd3 33.Re4 h5 34.Kh2 Re3 35.Qc4 Rxe4 36.Qxe4 g5 37.b4 g4
38.hxg4 hxg4 39.fxg4 Qh4+ 40.Kg1 Qxg4 41.Qd4+ Kf7 42.Qxb6 Qh4 43.Qb7+ Kf6
44.Qe4 Qg4 45.Qd4+ Ke6 46.b5 Qh4 47.Qe4+ Kd7 48.b6 Kc8 49.Qc6+ Kd8  1-0

[Event "Rilton Cup"]
[Site "Stockholm"]
[Date "1990.??.??"]
[Round "6"]
[White "Winge, Stefan"]
[Black "Johansson, Jan"]
[Result "0-1"]
[WhiteElo "2290"]
[BlackElo "2460"]

1.e4 g6 2.d4 Bg7 3.Nc3 d6 4.g3 Nc6 5.d5 Ne5 6.f4 Nd7 7.Be3 Ngf6 8.Bg2 O-O
9.Nge2 c6 10.dxc6 bxc6 11.h3 Rb8 12.b3 Qa5 13.O-O Nh5 14.Bd4 e5 15.fxe5 Nxe5
16.g4 Nf6 17.Na4 Qc7 18.c4 h5 19.g5 Nh7 20.Qd2 Be6 21.Rad1 Rfd8 22.Be3 Qe7
23.Bf4 Nf8 24.Qc1 Bc8 25.Nd4 c5 26.Bxe5 cxd4 27.Bxg7 Kxg7 28.Rxd4 Ne6 29.Rd5 Bb7
30.Ra5 Bc6 31.Nc3 Nc5 32.Nd5 Bxd5 33.cxd5 Kh8 34.Qf4 Rf8 35.e5 Qc7 36.Qd2 Qb6
37.Kh1 dxe5 38.d6 Rbd8 39.Qd5 Ne6 40.Rd1  0-1

[Event "JUG-Cup"]
[Site "Svetozarevo"]
[Date "1990.??.??"]
[Round "?"]
[White "Zecevic, Milan"]
[Black "Todorcevic, Miodrag"]
[Result "0-1"]
[WhiteElo "2245"]
[BlackElo "2550"]

1.e4 g6 2.d4 Bg7 3.Nc3 d6 4.h3 c6 5.a4 Nf6 6.g3 O-O 7.Bg2 Nbd7 8.Nge2 e5
9.Be3 a5 10.O-O Re8 11.b3 Qe7 12.g4 h5 13.g5 Nh7 14.h4 f6 15.Qd2 fxg5 16.hxg5 exd4
17.Nxd4 Ne5 18.f3 d5 19.Rae1 dxe4 20.Nxe4 Qc7 21.Nf2 Rd8 22.Qe2 Qf7 23.Rd1 Nf8
24.f4 Bg4 25.Nf3 Nxf3+ 26.Bxf3 Bxf3 27.Qxf3 Ne6 28.Kg2 Rf8 29.Ne4 Qc7 30.Qg3 Rad8
31.Rxd8 Qxd8 32.Qe1 Qd5  0-1

[Event "Sydney"]
[Site "Sydney"]
[Date "1990.??.??"]
[Round "3"]
[White "Wong Meng Kong"]
[Black "Azmaiparashvili, Zurab"]
[Result "0-1"]
[WhiteElo "2410"]
[BlackElo "2610"]

1.e4 d6 2.d4 g6 3.Nc3 Bg7 4.Nf3 Nf6 5.Be2 O-O 6.O-O c6 7.a4 Nbd7 8.Re1 e5
9.Bf1 Re8 10.a5 Qc7 11.dxe5 dxe5 12.Nd2 Nc5 13.Bc4 Ne6 14.Ne2 Rd8 15.Ng3 Nf4
16.Qf3 h5 17.h3 Nh7 18.Ne2 Ng5 19.Qg3 Nge6 20.Nb3 Qe7 21.c3 Bh6 22.h4 Nxe2+
23.Bxe2 Nf4 24.Bf1 Be6 25.Nd4 exd4 26.Bxf4 Bxf4 27.Qxf4 Rd7 28.Ra4 dxc3 29.bxc3 Rad8
30.g3 Qc5 31.Qf6 Rd6 32.Qf3 Bg4 33.Qe3 Qxe3 34.Rxe3 Rd1 35.Kg2 R8d2 36.Bc4 Rc1
37.Bb3 Rb2 38.Ba2 Rcc2  0-1

[Event "Sydney"]
[Site "Sydney"]
[Date "1990.??.??"]
[Round "5"]
[White "Madl, Ildiko"]
[Black "Azmaiparashvili, Zurab"]
[Result "1/2-1/2"]
[WhiteElo "2390"]
[BlackElo "2610"]

1.e4 d6 2.d4 g6 3.Nc3 Bg7 4.Be3 a6 5.a4 Nf6 6.Qd2 O-O 7.Nf3 Bg4 8.Be2 Nc6
9.O-O e5 10.dxe5 dxe5 11.Rfd1 Qc8 12.Qe1 Rd8 13.h3 Bxf3 14.Bxf3 Nd4 15.Bxd4 exd4
16.Nd5 Nxd5 17.exd5 Qd7 18.Qb4 a5 19.Qc5 Ra6 20.Re1 Bf6 21.Be2 Rb6 22.Qxa5 Rxb2
23.Bd3 b6 24.Qa7 Bg5 25.Re2 c5 26.Qxd7 Rxd7 27.a5 bxa5 28.Rxa5 Rc7 29.Ra4 Be7
30.g3 Kg7 31.Kg2 Bf8 32.Re8 Be7 33.Rea8 c4 34.Rxc4 Rxc4 35.Bxc4 Rxc2 36.Bb3 Rb2
37.Bc4 Rc2 38.Bb3 Rc3 39.Bd1 Rc5 40.Bf3 d3 41.Ra1 Rc2 42.Rd1 Bc5 43.Rxd3 Rxf2+
44.Kh1 Bd6 45.Kg1 Rc2 46.g4 Kf6 47.Bd1 Rc1 48.Kg2 Kg5 49.Rd2 Kf4 50.Rf2+ Ke5
51.Ba4 f6 52.Re2+ Kxd5 53.Bb3+ Kd4 54.Rd2+ Kc5 55.Rc2+  1/2-1/2

[Event "Tel Aviv"]
[Site "Tel Aviv"]
[Date "1990.??.??"]
[Round "?"]
[White "Gruenfeld, Yehuda"]
[Black "Davies, Nigel R"]
[Result "1/2-1/2"]
[WhiteElo "2530"]
[BlackElo "2485"]

1.e4 d6 2.d4 g6 3.Nc3 Bg7 4.f4 Nc6 5.Be3 Nf6 6.Nf3 O-O 7.e5 dxe5 8.dxe5 Ng4
9.Bg1 Qxd1+ 10.Rxd1 f6 11.h3 Nh6 12.exf6 exf6 13.Bc4+ Kh8 14.Bc5 Re8+ 15.Kf2 b6
16.Bd5 Bb7 17.Nd4 Nxd4 18.Bxd4 c6 19.Be4 Re7 20.Rhe1 Rae8 21.b4 f5 22.Bxg7+ Kxg7
23.Bf3 Nf7 24.Rxe7 Rxe7 25.Ne2 c5 26.Bxb7 Rxb7 27.b5 a6 28.bxa6 Ra7 29.Nc3 Rxa6
30.Rd7 Kf6 31.Rb7 Ke6 32.a4 h5 33.Ke2 Nd6 34.Rg7 Kf6 35.Rh7 Ke6 36.Rg7 Kf6
37.Rc7 Ne4 38.Rc6+ Kf7 39.Nxe4 fxe4 40.g4 Rxa4 41.Rxb6 Rc4 42.Kd2 hxg4 43.hxg4 g5
44.fxg5 e3+ 45.Kxe3 Rxc2 46.Rc6 Rc4 47.Kf3 Kg7 48.Kg3 Rc1 49.g6 Rd1  1/2-1/2

[Event "Tel Aviv"]
[Site "Tel Aviv"]
[Date "1990.??.??"]
[Round "?"]
[White "Gruenfeld, Yehuda"]
[Black "Tal, Mihail"]
[Result "1/2-1/2"]
[WhiteElo "2530"]
[BlackElo "2580"]

1.e4 d6 2.d4 g6 3.Nc3 Bg7 4.f4 Nf6 5.Nf3 c5 6.Bb5+ Bd7 7.e5 Ng4 8.e6 fxe6
9.Ng5 Bxb5 10.Nxb5 Qa5+ 11.c3 Qxb5 12.Qxg4 cxd4 13.Nxe6 Qc4 14.Nxg7+ Kf7
15.f5 Kxg7 16.Qh4 Nc6 17.Rf1 Kg8 18.Bh6 Re8 19.Rd1 Ne5 20.Rxd4 Qxa2 21.Kf2 Nf7
22.Kg1 Nxh6 23.Qxh6 Rf8 24.Rdf4 Rf6 25.Re1 Qf7 26.Rc4 Qxc4 27.Rxe7 Qf7 28.Rxf7 Kxf7
29.fxg6+ Rxg6 30.Qf4+ Rf6 31.Qc4+ Kg7 32.Qg4+ Kh6 33.Qh4+ Kg6 34.Qe4+ Kh6
35.Qxb7 Rhf8 36.h3 R8f7 37.Qd5 Kg7 38.b4 h6 39.c4 Re7 40.Qd4 Kg6 41.Kh2 Rfe6
42.h4 Kh7 43.Kh3 Rb7 44.Qd5 Rbe7 45.g3 Rf6 46.Qd4 Rfe6 47.h5 Kg8 48.g4 Kh7
49.Kh4 Kg8 50.Qd5 Kh7 51.c5 dxc5 52.bxc5 Rf6 53.Qd8 Ref7 54.Qc8 a6 55.Qe8 Rc7
56.Qe5 Rfc6 57.Kg3 a5 58.Qd4 Kg8 59.Qe4 Kg7 60.Qe5+ Kg8 61.Kf4 a4  1/2-1/2

[Event "Toulouse op"]
[Site "Toulouse"]
[Date "1990.??.??"]
[Round "3"]
[White "Emms, John M"]
[Black "Viladiu Martinez, Josep"]
[Result "1-0"]
[WhiteElo "2400"]
[BlackElo "2315"]

1.e4 d6 2.d4 g6 3.Nc3 Bg7 4.Be3 c6 5.h3 b5 6.Bd3 Nf6 7.Nf3 O-O 8.O-O Nbd7
9.e5 Ne8 10.Bf4 Nb6 11.Qd2 Nc7 12.Ne4 d5 13.Nc5 Nc4 14.Qc1 Ne6 15.Nxe6 Bxe6
16.Bh6 f6 17.Bxg7 Kxg7 18.Re1 Qd7 19.b3 Nb6 20.Qf4 Rae8 21.Re3 Nc8 22.Rae1 Bf5
23.Bxf5 Qxf5 24.Qxf5 gxf5 25.Rc3 fxe5 26.dxe5 Nb6 27.Nd4 Kf7 28.Rxc6 Rc8
29.Rxc8 Rxc8 30.Re2 b4 31.Nxf5 Rc5 32.Nd4 Nc8 33.f4 a6 34.Kf2 Na7 35.Ke3 Ra5
36.c3 bxc3 37.Kd3 Nb5 38.Nxb5 Rxb5 39.Kxc3 a5 40.a3 Rc5+ 41.Kd4 Rb5 42.Rb2 Kg6
43.g4 e6 44.b4 axb4 45.axb4 h5 46.Rb1 hxg4 47.hxg4 Kh6 48.f5 exf5 49.gxf5 Kg5
50.f6 Kg6 51.Rg1+  1-0

[Event "Toulouse op"]
[Site "Toulouse"]
[Date "1990.??.??"]
[Round "9"]
[White "Hebden, Mark"]
[Black "Bogdanovski, Vlatko"]
[Result "1-0"]
[WhiteElo "2530"]
[BlackElo "2410"]

1.e4 d6 2.Nc3 g6 3.d4 Bg7 4.Nf3 Nf6 5.Be3 c6 6.Qd2 O-O 7.Bh6 b5 8.Bxg7 Kxg7
9.a3 Qc7 10.e5 Ng8 11.h3 Nd7 12.Qe3 Nb6 13.Bd3 Be6 14.Ng5 dxe5 15.dxe5 Bc4
16.h4 Nh6 17.Qf4 Bxd3 18.cxd3 Qd7 19.e6 Qxd3 20.exf7 Nxf7 21.Ne6+ Kg8 22.Rh3 Qd6
23.Qxd6 Nxd6 24.Nxf8 Rxf8 25.h5 g5 26.Re3 Nf5 27.Re4 Nc4 28.O-O-O e5 29.b3 Nxa3
30.Rxe5  1-0